| 000 | 00579nam a2200181 4500 | ||
|---|---|---|---|
| 001 | 121051 | ||
| 003 | ES-MaACL | ||
| 005 | 20230906191657.0 | ||
| 007 | t| | ||
| 008 | 070214s1964 sp r ||||1| spa d | ||
| 245 | 0 | 0 | _aPrensa y convivencia internacional. |
| 260 |
_aBarcelona : _bDiputación Provincial, Instituto de Ciencias Sociales, _c1964. |
||
| 300 |
_a1 v. ; _c27 cm. |
||
| 505 | 8 | _aContiene: v. II: 2ª Semana Internacional de Prensa | |
| 740 | 0 | _a2ª Semana Internacional de Prensa. | |
| 852 |
_aES-MaACL _jC-27310 _bR.56298 |
||
| 852 |
_aES-MaACL _jC-27311 _bR.56614 |
||
| 999 |
_c121051 _d121051 |
||